000 00831nam a22002297a 4500
999 _c2792
_d2792
003 AR-CdUCM
008 190305b ||||| |||| 00| 0 spa d
040 _aMUNICIPALIDAD PROVINCIAL DEL CUSCO
_cBIBLIOTECA MUNICIPAL DEL CUSCO
041 _hit.
082 _a331.88 /
_bL46
100 _aLeone, Enrico
_99726
245 _aEl sindicalismo /
260 _aMadrid :
_bBiblioteca Nueva,
_c1930.
300 _a230 paginas ;
_c17 cm.
505 _aContenido :Capitulo I-La solución sindicalista de la crisis del socialismo --La crisis socialista --La bancarrota del socialismo --El movimiento obrero --El cambio de táctica ...
650 _aDoctrinas sociales
_92204
650 _aSindicalismo
_95257
650 _aSocialismo
_91037
700 _aJosé Sánchez Rojas (traductor)
_99727
942 _2ddc
_cLIBROS
945 _arjall